| 000 | 00650nam a2200205Ia 4500 | ||
|---|---|---|---|
| 003 | GCL | ||
| 008 | 140319s9999 xx 000 0 ara d | ||
| 040 |
_aGCL / _cGCL |
||
| 082 | 0 | 4 |
_a001.6425 _bر ك |
| 100 | 1 | _aراتب احمد قبيعة | |
| 245 | 1 | 0 |
_aالكمبيوتر فى المنازل باسيك / _cراتب احمد قبيعة |
| 700 | 1 | _aجورج مدبك | |
| 260 |
_a[S.N] : _bدار الراتب الجامعية ، _c1986 |
||
| 300 | _a203 ص | ||
| 490 | _a | ||
| 650 | 0 | 4 | _aالحاسبات الالكترونية |
| 650 | 0 | 4 | _aالبيسك |
| 650 | 0 | 4 | _aالحاسبات الالكترونية- لغات |
| 942 |
_2ddc _cBK |
||
| 999 |
_c35128 _d35128 |
||